000 00467nam a2200169Ia 4500
003 GCL
008 140319s9999 xx 000 0 eng d
040 _aGCL /
_cGCL
082 0 4 _a323
_bH H
100 1 _aHUMAN RIGHT WATCH
245 1 0 _aTHE HUMAN RIGHTS WATCH GLOBOL REPORT ON WOMEN,S RIGHTS /
_cHUMAN RIGHT WATCH
260 _a[S.N] :
_bHUMAN RIGHTS WATCH ،
_c1995
300 _a458P.
650 0 4 _aINTERNATIONAL LAW
650 0 4 _aHUMAN RIGHT
942 _2ddc
_cBK
999 _c12007
_d12007